000 00390nam a2200157Ia 4500
008 230312s9999||||xx |||||||||||||| ||und||
020 _a9788131717936
082 _a621.38043
_bKUO-D
100 _aKuo,Sen.M
245 0 _aDigital Signal Processors
260 _bPearson Prentice Hall
_aIndia
_c2005
300 _a619
546 _aEng.
650 _aEngineering
_vfixed-points
942 _cBK
999 _c6219
_d6219